Quiz da Ucrânia - Statistics

Estatísticas Gerais
  • Esse quiz foi jogado 2 658 vezes
  • A pontuação média é 9 de 19
Estatísticas das Respostas
Dica Resposta % Correto
Capital Kiev
98%
Lugar de um acidente nuclear em 1986 Chernobil
84%
País que a ucrânia fazia parte até 1991 União Soviética
81%
Em 1992, a Ucrânia abandonou seu estoque dessas bombas Bombas {nucleares}
79%
Maior mar fazendo fronteira com a Ucrânia Mar Negro
70%
Menor (e mais pobre) país fazendo fronteira com a Ucrânia Moldávia
67%
Peninsula anexada pela Rússia em 2014 Crimeia
66%
Antiga profissão do presidente Volodymyr Zelenski Comediante
55%
Ramo dominante do cristianismo Ortodoxa
55%
Alfabeto usado na Ucrânia Cirílico
45%
Grupo étnico que os ucranianos fazem parte Eslavos
43%
Esporte onde os irmãos Wladimir e Vitali Klitschko eram campeões Boxe
24%
Segunda maior cidade (começa com C) Carcóvia
24%
Maior cidade no acima Odessa
24%
Em 2014, separatistas russos abateram um avião dessa empresa aérea {Malaysia} Airlines
19%
Rio mais longo na Ucrânia Dniepre
18%
Termo para uma província ucraniana Oblast
18%
Sopa de beterraba ucraniana Borsch
14%
Cordilheira no sudoeste ucraniano Cárpatos
14%
Nenhum quiz correspondente encontrado
Distribuição das Pontuações
Porcentagem de Pessoas com Cada Pontuação
Percentil de Números Respondidos
Sua Pontuação Histórica
Você não jogou esse quiz